000 00510nam a22001817a 4500
005 20251108164933.0
008 250721s2001 xx 000 0 ara d
082 1 4 _a547.75/مظف
100 1 _aالمظفر، سامي عبد الهادي
245 1 0 _aالهندسة البروتينية /
264 1 _aعمان :
_bدار المسيرة،
_c2001.
300 _a290ص
650 1 7 _aالهندسة
650 1 7 _aالبروتينات
650 1 7 _aالكيمياء
942 _2ddc
_cBK
999 _c17870
_d17870